[Event "Twente Young Master op-C"]
[Site "Twente"]
[Date "2007.08.10"]
[Round "7"]
[White "Huzen, Remko"]
[Black "Choi, Matthew"]
[Result "1-0"]
[WhiteElo "1460"]
[BlackElo "800"]
[PlyCount "67"]
[EventDate "2007.08.06"]
[EventType "swiss"]
[EventRounds "9"]
[EventCountry "NED"]
[SourceTitle "EXT 2008"]
[Source "ChessBase"]
[SourceDate "2007.11.25"]
[SourceVersion "1"]
[SourceVersionDate "2007.11.25"]
[SourceQuality "1"]

1. d4 e5 2. dxe5 Nc6 3. Nf3 Qe7 4. Bf4 Qb4+ 5. Bd2 Qxb2 6. Nc3 Nb4 7. Rc1 Nxa2 8. Nxa2 Qxa2 9. e4 Bc5 10. Ra1 Qe6 11. Bc3 f6 12. Bd3 fxe5 13. Bxe5 Nf6 14. 0-0 d6 15. Bc3 0-0 16. e5 dxe5 17. Nxe5 Qe7 18. Ra4 Be6 19. Rh4 Bd6 20. Bxh7+ Nxh7 21. Qh5 Bf5 22. Re1 Qe8 23. Qf3 Bxc2 24. Qd5+ Kh8 25. Rg4 Rf5 26. Qxb7 Qc8 27. Qd5 Bxe5 28. Bxe5 Nf6 29. Rh4+ Nh7 30. Bxg7+ Kxg7 31. Rg4+ Kf6 32. Qc6+ Kf7 33. Qg6+ Kf8 34. Qg8# 1-0